Southville International School and Colleges
Your cart is empty.
  • Cart
  • Lists
    Public lists Eva Luna New books Lux_list list_1
    Your lists Log in to create your own lists
  • Log in to your account
  • Your cookies
  • Search history
Southville International School and Colleges
  • Advanced search
  • Recent comments
  • Most popular
  • Libraries

Log in to your account

Log in with GOOGLE


If you do not have an external account, but do have a local account, you can still log in:

  1. Home
  2. MARC view: Last exit to Brooklyn /
Normal view MARC view ISBD view

Last exit to Brooklyn / (Record no. 288576)

[ view plain ]
MARC details
000 -LEADER
fixed length control field 00433nam a2200157 a 4500
003 - CONTROL NUMBER IDENTIFIER
control field PILC
005 - DATE AND TIME OF LATEST TRANSACTION
control field 20150902142639.0
008 - FIXED-LENGTH DATA ELEMENTS--GENERAL INFORMATION
fixed length control field 030810s nyu 000 0 eng d
050 00 - LIBRARY OF CONGRESS CALL NUMBER
Classification number PS 3569.E547
Item number .Se464 1964
100 1# - MAIN ENTRY--PERSONAL NAME
Personal name Selby, Hubert.
245 10 - TITLE STATEMENT
Title Last exit to Brooklyn /
Statement of responsibility, etc by Hubert Selby, Jr.
250 ## - EDITION STATEMENT
Edition statement 1st pbk. ed.
260 ## - PUBLICATION, DISTRIBUTION, ETC. (IMPRINT)
Place of publication, distribution, etc New York :
Name of publisher, distributor, etc Grove Press,
Date of publication, distribution, etc 1964.
300 ## - PHYSICAL DESCRIPTION
Extent 311 pages ;
Dimensions 18 cm.
942 ## - ADDED ENTRY ELEMENTS (KOHA)
Source of classification or shelving scheme Library of Congress Classification
Koha item type Books
Call number prefix Foreign
Holdings
Withdrawn status Lost status Source of classification or shelving scheme Damaged status Home library Current library Shelving location Date acquired Source of acquisition Sub Shelving location Total Checkouts Full call number Barcode Date last seen Price effective from Koha item type
    Library of Congress Classification   College Library College Library Fiction Section 09/02/2015 Donation     PS 3569.E547 .Se464 1964 C19884 05/08/2018 09/02/2015 Books

Last exit to Brooklyn /

APA

Selby H., . (1964). Last exit to Brooklyn. New York: Grove Press.

Chicago

Selby Hubert, . 1964. Last exit to Brooklyn. New York: Grove Press.

Harvard

Selby H., . (1964). Last exit to Brooklyn. New York: Grove Press.

MLA

Selby Hubert, . Last exit to Brooklyn. New York: Grove Press. 1964.

  • Place hold
  • Print
  • Cite
  • Add to your cart (remove)
  • Save record
    BIBTEX Dublin Core MARCXML MARC (non-Unicode/MARC-8) MARC (Unicode/UTF-8) MARC (Unicode/UTF-8, Standard) MODS (XML) RIS
  • More searches
    Search for this title in:
    Other Libraries (WorldCat) Other Databases (Google Scholar) Online Stores (Bookfinder.com) Open Library (openlibrary.org)

Exporting to Dublin Core...

SOUTHVILLE LIBRARY

Southville International School and Colleges Library

1281 Tropical Ave. Cor. Luxembourg St., BF Homes International, Las Pinas City

Tel. No. 8256374 / 252358 Loc. 117/146

Powered by Koha